Interdependence and development : seminar for the fifteen years of activity of the OECD Development Centre.

Saved in:
Bibliographic Details
Corporate Authors: Organisation for Economic Co-operation and Development, Interdependence and development
Format: Conference Proceeding Book
Language:French
Series:(New series ; no. 3)
Subjects:
Tags: Add Tag
No Tags, Be the first to tag this record!

MARC

LEADER 00000cam^a2200000uu^4500
001 000492754
005 20250521000000.0
008 050901s1979^^^^^^^^^^^^rd^r^1000^0^fre^d
009 20260310125448.097
035 |a FCE 000036116 
035 |a FCE 036160 
037 |a Acervo ITESO - Biblioteca 
041 |a FRA 
082 0 4 |a 321.08  |b INT 
110 |a Organisation for Economic Co-operation and Development 
245 1 0 |a Interdependence and development :  |b seminar for the fifteen years of activity of the OECD Development Centre. 
264 |a Paris :  |b OECD,  |c 1979. 
300 |a 109 p. 
336 |a texto  |b txt  |2 rdacontenido 
337 |a sin mediación  |b n  |2 rdamedio 
338 |a volumen  |b nc  |2 rdasoporte 
440 0 |a (New series ;  |v no. 3) 
611 4 |a Seminario 
610 |a OCDE 
649 |a XX 
650 |a Desarrollo económico 
650 |a América Latina 
711 |a Interdependence and development  |c París, Francia)  |d (12-13 dic. 1978 : 
910 |a Fondo Centro de Estudios Educativos 
920 |a Impresos - Libros 
930 |a Fondos Especiales 
905 |a 133 
901 |a ALE036160  |b IT2  |c CEE  |u 20250521 
902 |a https://opac.biblio.iteso.mx/vufind/Record/000492754